[Event "SR 3. liga A2 2011/2012"]
[Site "?"]
[Date "2012.03.18"]
[Round "11.6"]
[White "Divinec, Peter"]
[Black "Havlicek, Peter"]
[Result "0-1"]
[WhiteElo "1224"]
[BlackElo "1808"]
[PlyCount "52"]
[EventDate "2011.??.??"]

1. e4 c5 2. f4 Nc6 3. Nf3 e6 4. Bb5 Qc7 5. d3 a6 6. Bxc6 Qxc6 7. c4 d6 8. O-O
g6 9. Qe1 Bg7 10. Nc3 Nf6 11. f5 O-O 12. fxg6 fxg6 13. Qh4 Nh5 14. g4 Nf6 15.
Bg5 Qc7 16. h3 b6 17. Bh6 Bb7 18. Bxg7 Qxg7 19. Rf2 h6 20. g5 Nh5 21. gxh6 Qxh6
22. Qe7 Nf4 23. Rh2 Nxh3+ 24. Kh1 Rxf3 25. Qxe6+ Kh8 26. Qxd6 Qg5 0-1

[Event "SR 3. liga A2 2012/2013"]
[Site "?"]
[Date "2012.10.07"]
[Round "1.1"]
[White "Stanec, Stanislav"]
[Black "Jozefek, Michal"]
[Result "1/2-1/2"]
[WhiteElo "2192"]
[BlackElo "2060"]
[PlyCount "146"]
[EventDate "2012.??.??"]

1. e4 c5 2. Nf3 Nc6 3. d4 cxd4 4. Nxd4 g6 5. Nxc6 bxc6 6. Qd4 Nf6 7. e5 Nd5 8.
e6 Nf6 9. exf7+ Kxf7 10. Nc3 Bg7 11. Qc4+ e6 12. Be2 Bb7 13. O-O d5 14. Qh4 c5
15. Qf4 Rf8 16. Nb5 Kg8 17. Qc7 Qxc7 18. Nxc7 Rac8 19. Nb5 Ba6 20. a4 Ne4 21.
c3 Rb8 22. Bf3 Nf6 23. Re1 Rb6 24. Nxa7 Bc4 25. Nb5 Ra8 26. Na3 Bb3 27. Be3 Nd7
28. Rac1 Rxa4 29. Be2 Ra5 30. Bg5 Bf6 31. Bxf6 Nxf6 32. f3 Ra7 33. Bd3 Ba4 34.
Re2 Rab7 35. b4 cxb4 36. cxb4 Rxb4 37. Rxe6 Kf7 38. Ra6 Bd7 39. Bf1 Rb2 40. Rc2
Rxc2 41. Nxc2 Rb1 42. Nd4 Rd1 43. Nc6 Rd2 44. Ne5+ Ke7 45. Rxf6 Kxf6 46. Nxd7+
Kf5 47. g3 g5 48. Bh3+ Kg6 49. f4 Rd1+ 50. Kf2 Rd2+ 51. Ke3 Rxh2 52. f5+ Kf7
53. Ne5+ Kf8 54. Bf1 Rh1 55. Bd3 Ke7 56. Kd4 h5 57. Kxd5 Rh3 58. g4 hxg4 59.
Ke4 g3 60. Bf1 Rh4+ 61. Ke3 Kf6 62. Nd3 Kxf5 63. Kf3 Ra4 64. Kxg3 Ra3 65. Kg2
Rc3 66. Nf2 Kf4 67. Nh3+ Kg4 68. Be2+ Kh4 69. Nf2 Rc2 70. Bf3 Rd2 71. Bd1 g4
72. Bxg4 Rxf2+ 73. Kxf2 Kxg4 1/2-1/2

[Event "SR 3. liga A2 2012/2013"]
[Site "?"]
[Date "2012.10.07"]
[Round "1.1"]
[White "Spacek, Oliver"]
[Black "Strakac, Petr"]
[Result "0-1"]
[WhiteElo "1977"]
[BlackElo "2066"]
[PlyCount "78"]
[EventDate "2012.??.??"]

1. d4 Nf6 2. c4 e5 3. dxe5 Ng4 4. Bf4 Nc6 5. Nf3 Bb4+ 6. Nbd2 Qe7 7. a3 Ngxe5
8. Nxe5 Nxe5 9. e3 Bxd2+ 10. Qxd2 d6 11. Be2 O-O 12. O-O b6 13. Qc3 Bb7 14. b4
Rfe8 15. Rac1 Ba6 16. Rfd1 Rad8 17. Bf1 Ng6 18. Bg3 Bb7 19. Rc2 Nh4 20. f3 Nf5
21. Bf2 Qg5 22. e4 Nh4 23. Qe3 Qe7 24. Rcd2 Ng6 25. Qc3 Bc6 26. Bg3 h5 27. Bf2
h4 28. Bd4 f6 29. c5 dxc5 30. bxc5 Bb7 31. cxb6 cxb6 32. Bb5 Rf8 33. Qb3+ Kh7
34. a4 Rd6 35. Qe3 Rfd8 36. g3 Qe6 37. Qf2 Ne5 38. Kg2 Nxf3 39. Bd3 Nxd2 0-1

[Event "SR 3. liga A2 2012/2013"]
[Site "?"]
[Date "2012.10.07"]
[Round "1.1"]
[White "Berger, Patrik"]
[Black "Hecko, Dusan"]
[Result "1/2-1/2"]
[WhiteElo "1930"]
[BlackElo "2073"]
[PlyCount "135"]
[EventDate "2012.??.??"]

1. e4 d5 2. exd5 Qxd5 3. Nc3 Qd6 4. d4 Nf6 5. Nf3 Bg4 6. h3 Bh5 7. Bd3 e6 8.
Be3 a6 9. g4 Bg6 10. Ne5 Nc6 11. f4 Nxe5 12. fxe5 Qc6 13. Rf1 Bxd3 14. Qxd3 Nd5
15. Nxd5 Qxd5 16. Qe2 Be7 17. Qf3 Qxf3 18. Rxf3 Rd8 19. O-O-O c6 20. Bf2 h5 21.
Rg1 hxg4 22. Rxg4 g6 23. Be3 Rh5 24. Rg2 Rd7 25. c3 Bd8 26. Kc2 b5 27. b4 a5
28. a3 axb4 29. axb4 Ra7 30. Kb2 Ra8 31. Rg1 Rf5 32. Rxf5 exf5 33. Bg5 Bxg5 34.
Rxg5 Ke7 35. Rg3 Ke6 36. Kc2 f4 37. Rf3 Kf5 38. Kd3 Ra2 39. Rf1 Rh2 40. Rf3 Ra2
41. Rf1 g5 42. Rf3 Rg2 43. d5 cxd5 44. Kd4 Rd2+ 45. Kc5 Kxe5 46. Kxb5 Ke4 47.
Rf1 f3 48. Kc5 Rc2 49. Re1+ Kf4 50. Kxd5 Rxc3 51. Re4+ Kg3 52. Rg4+ Kxh3 53.
Rxg5 f2 54. Rf5 Kg2 55. Rxf7 Rf3 56. Rg7+ Kh3 57. Rh7+ Kg4 58. Rh1 f1=Q 59.
Rxf1 Rxf1 60. b5 Kf5 61. b6 Rd1+ 62. Kc6 Rc1+ 63. Kd7 Ke5 64. b7 Rb1 65. Kc7
Rc1+ 66. Kd7 Rb1 67. Kc7 Rc1+ 68. Kd7 1/2-1/2

[Event "SR 3. liga A2 2012/2013"]
[Site "?"]
[Date "2012.10.07"]
[Round "1.1"]
[White "Diviak, Rastislav"]
[Black "Hudacek, Josef"]
[Result "1-0"]
[WhiteElo "2017"]
[BlackElo "2067"]
[PlyCount "51"]
[EventDate "2012.??.??"]

1. e4 e5 2. Nf3 Nc6 3. Bb5 a6 4. Ba4 Nf6 5. O-O Nxe4 6. d4 b5 7. Bb3 d5 8. dxe5
Be6 9. c3 Be7 10. Be3 O-O 11. Nbd2 Nc5 12. Bc2 Nd7 13. Bf4 Re8 14. Nb3 Nb6 15.
Nbd4 Nxd4 16. cxd4 Rc8 17. Rc1 c5 18. dxc5 Bxc5 19. Ng5 g6 20. Nxh7 Be7 21.
Nf6+ Bxf6 22. exf6 Qxf6 23. Be3 Nc4 24. Bd4 Qg5 25. b3 Ne5 26. f4 1-0

[Event "SR 3. liga A2 2012/2013"]
[Site "?"]
[Date "2012.10.07"]
[Round "1.1"]
[White "Vogl, Zdenek"]
[Black "Pericka, Tomas"]
[Result "0-1"]
[WhiteElo "1945"]
[BlackElo "2029"]
[PlyCount "104"]
[EventDate "2012.??.??"]

1. e4 c5 2. Nf3 Nc6 3. c3 d5 4. exd5 Qxd5 5. d4 Bg4 6. Be2 cxd4 7. cxd4 O-O-O
8. Nc3 Qd7 9. Be3 Bxf3 10. Bxf3 Nxd4 11. Bxd4 Qxd4 12. Qc2 Qe5+ 13. Ne2+ Kb8
14. O-O Nf6 15. Rac1 e6 16. Bxb7 Bd6 17. g3 Kxb7 18. Qc6+ Kb8 19. Rc3 Nd5 20.
Rb3+ Nb6 21. Rc1 Qd5 22. Qa4 Bc5 23. Rb5 Qf3 24. Rcxc5 Qxe2 25. Rc1 Rd5 26.
Qf4+ e5 27. Qxf7 Rd1+ 28. Rxd1 Qxd1+ 29. Kg2 Rc8 30. Qe6 Qd4 31. Rxe5 Qc4 32.
Qd6+ Qc7 33. Qd4 Qb7+ 34. Kh3 Rc6 35. Re8+ Nc8 36. Qf4+ Ka8 37. g4 Rh6+ 38. Kg3
Rf6 39. Qe3 Qc7+ 40. f4 g5 41. Qe4+ Kb8 42. Qb4+ Rb6 43. Qf8 Rxb2 44. Rxc8+
Qxc8 45. Qd6+ Qc7 46. Qxc7+ Kxc7 47. fxg5 Kd6 48. h4 Ke5 49. h5 Rxa2 50. g6
hxg6 51. h6 Kf6 52. g5+ Kf7 0-1

[Event "SR 3. liga A2 2012/2013"]
[Site "?"]
[Date "2012.10.07"]
[Round "1.1"]
[White "Nemeckay, Rastislav"]
[Black "Vepy, Ivan"]
[Result "0-1"]
[WhiteElo "1980"]
[BlackElo "1921"]
[PlyCount "70"]
[EventDate "2012.??.??"]

1. e4 e5 2. Nf3 Nc6 3. Bb5 a6 4. Ba4 Nf6 5. O-O Be7 6. c3 b5 7. Bb3 O-O 8. Re1
d6 9. h3 Be6 10. Bc2 h6 11. d4 exd4 12. Nxd4 Nxd4 13. cxd4 Ne8 14. Qe2 Rc8 15.
Nd2 Bg5 16. Nf3 Bxc1 17. Raxc1 c5 18. d5 Bd7 19. Bb1 Nf6 20. Qd3 Re8 21. Nh2
Qb6 22. Re3 c4 23. Qc2 b4 24. Rce1 a5 25. a3 Rc7 26. Qd2 Rec8 27. Rc1 Ba4 28.
Rg3 Kh8 29. Rf3 c3 30. bxc3 bxc3 31. Qe3 Qxe3 32. Rxe3 c2 33. Ba2 Rb8 34. Ree1
Rb2 35. Ra1 Rxa2 0-1

[Event "SR 3. liga A2 2012/2013"]
[Site "?"]
[Date "2012.10.07"]
[Round "1.1"]
[White "Hrubsa, Marian"]
[Black "Spacek, Marcel"]
[Result "1-0"]
[WhiteElo "1820"]
[BlackElo "1846"]
[PlyCount "50"]
[EventDate "2012.??.??"]

1. e4 c5 2. Nf3 Nc6 3. d4 cxd4 4. Nxd4 Nf6 5. Nc3 e5 6. Ndb5 d6 7. Bg5 a6 8.
Na3 b5 9. Nd5 Be7 10. Nxe7 Qxe7 11. c4 b4 12. Nc2 Qe6 13. f3 O-O 14. Be2 a5 15.
O-O Nd7 16. Qd2 Nc5 17. Rad1 Nb7 18. b3 f6 19. Be3 Qe7 20. Qd5+ Be6 21. Qxc6
Rab8 22. Qb6 f5 23. Bc1 Nc5 24. Qxd6 Qxd6 25. Rxd6 fxe4 1-0

[Event "SR 3. liga A2 2012/2013"]
[Site "?"]
[Date "2012.10.07"]
[Round "1.1"]
[White "Diviak, Rudolf"]
[Black "Vach, Jozef"]
[Result "1/2-1/2"]
[WhiteElo "1852"]
[BlackElo "1793"]
[PlyCount "21"]
[EventDate "2012.??.??"]

1. e4 e5 2. Bc4 Nf6 3. d3 h6 4. Nf3 d6 5. c3 Nc6 6. Nbd2 Be7 7. Nf1 Bd7 8. Ng3
Na5 9. Bb3 Nxb3 10. Qxb3 Qc8 11. h3 1/2-1/2

[Event "SR 3. liga A2 2012/2013"]
[Site "?"]
[Date "2012.10.07"]
[Round "1.2"]
[White "Gasa, Andrej"]
[Black "Malar, Pavol"]
[Result "1-0"]
[WhiteElo "2282"]
[BlackElo "2118"]
[PlyCount "55"]
[EventDate "2012.??.??"]

1. d4 e6 2. Nf3 f5 3. g3 Nf6 4. Bg2 Be7 5. c4 O-O 6. O-O d6 7. Nc3 Nc6 8. d5
exd5 9. cxd5 Ne5 10. Nd4 Qe8 11. f4 Neg4 12. h3 Nh6 13. Be3 Bd7 14. Bf2 c5 15.
dxc6 bxc6 16. b4 Rb8 17. a3 Bd8 18. Rb1 Nf7 19. Qd3 g6 20. e4 fxe4 21. Nxe4
Nxe4 22. Bxe4 c5 23. Rfe1 Bxh3 24. Bc6 Qxe1+ 25. Rxe1 cxd4 26. Bxd4 Bb6 27.
Bxb6 Rxb6 28. Bd5 1-0

[Event "SR 3. liga A2 2012/2013"]
[Site "?"]
[Date "2012.10.07"]
[Round "1.2"]
[White "Hertel, Ondrej"]
[Black "Sebesta, Radovan"]
[Result "1/2-1/2"]
[WhiteElo "2079"]
[BlackElo "2061"]
[PlyCount "44"]
[EventDate "2012.??.??"]

1. d4 Nf6 2. Nf3 e6 3. c4 b6 4. g3 Ba6 5. Qa4 Be7 6. Bg2 Bb7 7. O-O O-O 8. Nbd2
d5 9. Ne5 c5 10. e3 Qc7 11. Qc2 Nbd7 12. Nxd7 Qxd7 13. b3 dxc4 14. Qxc4 Bxg2
15. Kxg2 cxd4 16. Qxd4 Qxd4 17. exd4 Rac8 18. Nc4 Rfd8 19. Bb2 b5 20. Ne3 Nd5
21. Nxd5 Rxd5 22. Rac1 Rdd8 1/2-1/2

[Event "SR 3. liga A2 2012/2013"]
[Site "?"]
[Date "2012.10.07"]
[Round "1.2"]
[White "Gasa, Patrik"]
[Black "Bisco, Igor"]
[Result "1-0"]
[WhiteElo "1906"]
[BlackElo "2143"]
[PlyCount "51"]
[EventDate "2012.??.??"]

1. d4 Nf6 2. c4 g6 3. Nc3 Bg7 4. e4 d6 5. f3 O-O 6. Be3 Nbd7 7. Qd2 c6 8. g4 a6
9. Nge2 b5 10. Ng3 Qc7 11. Rc1 b4 12. Nce2 c5 13. Kf2 a5 14. h4 Nb6 15. d5 e6
16. Nf4 exd5 17. cxd5 Nfd7 18. Nf5 Ne5 19. Nxg7 Kxg7 20. h5 Qe7 21. Be2 Ba6 22.
hxg6 Bxe2 23. Rxh7+ Kg8 24. Rch1 Qf6 25. g7 Bxf3 26. Rh8+ 1-0

[Event "SR 3. liga A2 2012/2013"]
[Site "?"]
[Date "2012.10.07"]
[Round "1.2"]
[White "Slamena, Michal"]
[Black "Lanik, Miroslav"]
[Result "1-0"]
[WhiteElo "1986"]
[BlackElo "1945"]
[PlyCount "114"]
[EventDate "2012.??.??"]

1. d4 d5 2. Nf3 Nf6 3. e3 e6 4. Bd3 c5 5. b3 Nc6 6. Bb2 cxd4 7. exd4 Bd6 8.
Nbd2 O-O 9. Ne5 Qc7 10. Ndf3 Nb4 11. O-O Nxd3 12. Qxd3 Ne4 13. c4 f6 14. Ng4 b6
15. Ne3 Bb7 16. cxd5 exd5 17. Rac1 Qd7 18. Nh4 Bf4 19. g3 Qh3 20. Nhg2 Ng5 21.
Qd1 Bxe3 22. fxe3 Qe6 23. Rc7 Rf7 24. Qc2 Rc8 25. Rxc8+ Qxc8 26. Qxc8+ Bxc8 27.
Nf4 Nh3+ 28. Nxh3 Bxh3 29. Rc1 Bf5 30. Ba3 Rd7 31. Bb4 Kf7 32. h4 h5 33. Kf2 g5
34. a3 g4 35. Ke2 a5 36. Bd2 Rb7 37. Rc6 Be4 38. b4 axb4 39. Bxb4 b5 40. Bc5
Bc2 41. Kd2 Bb3 42. Kc3 Bc4 43. Rc8 Kg6 44. Kb4 Ba2 45. Rh8 Bc4 46. Ka5 Rh7 47.
Re8 Kf5 48. Kb6 Bd3 49. Kc6 Bc4 50. Be7 Rf7 51. Kd6 Rh7 52. Rf8 Rh6 53. Bd8 Bb3
54. Ke7 Rh7+ 55. Ke8 Ke4 56. Bxf6 Kxe3 57. Rf7 Rh6 1-0

[Event "SR 3. liga A2 2012/2013"]
[Site "?"]
[Date "2012.10.07"]
[Round "1.2"]
[White "Palka, Martin"]
[Black "Majtan, Martin"]
[Result "1/2-1/2"]
[WhiteElo "1884"]
[BlackElo "1856"]
[PlyCount "60"]
[EventDate "2012.??.??"]

1. e4 e5 2. Nf3 Nc6 3. Bb5 a6 4. Ba4 Nf6 5. O-O b5 6. Bb3 Be7 7. Re1 d6 8. c3
Bg4 9. h3 Bh5 10. d3 O-O 11. Nbd2 h6 12. Nf1 Qd7 13. Ng3 Bg6 14. Nh4 Kh7 15.
Nxg6 fxg6 16. d4 Rad8 17. a4 Na5 18. Bc2 Nb7 19. f4 Qe8 20. f5 g5 21. Qe2 Kh8
22. axb5 axb5 23. Bd3 c6 24. Ra7 Rb8 25. Be3 Bd8 26. dxe5 dxe5 27. c4 Nd6 28.
c5 Nc4 29. Bxc4 bxc4 30. Ra4 c3 1/2-1/2

[Event "SR 3. liga A2 2012/2013"]
[Site "?"]
[Date "2012.10.07"]
[Round "1.2"]
[White "Gajarsky, Roman"]
[Black "Palka, Miroslav"]
[Result "1-0"]
[WhiteElo "1873"]
[BlackElo "1924"]
[PlyCount "85"]
[EventDate "2012.??.??"]

1. e4 c5 2. f4 g6 3. g3 Bg7 4. Bg2 Nc6 5. c3 e6 6. d3 Nge7 7. Be3 Qa5 8. Qc2 d5
9. Nf3 d4 10. Bd2 Qc7 11. e5 dxc3 12. bxc3 O-O 13. Be3 b6 14. Na3 Nd5 15. Bf2
Ba6 16. O-O Rfd8 17. Rfd1 Rac8 18. Rac1 Qd7 19. Qa4 Na5 20. Qc2 Bf8 21. Nb1 Ne7
22. d4 cxd4 23. Nxd4 Qc7 24. Nd2 Nd5 25. Ne4 Be7 26. a4 Bc4 27. Bf1 Bxf1 28.
Kxf1 Qc4+ 29. Ke1 Kg7 30. Rd3 Nc6 31. Rb1 Nxd4 32. Rxd4 Qc6 33. Rc1 f5 34.
exf6+ Nxf6 35. Rxd8 Rxd8 36. Bd4 Kf7 37. Bxf6 Bxf6 38. Ke2 Qc4+ 39. Ke3 Be7 40.
Rd1 Bc5+ 41. Kf3 Be7 42. Rxd8 Bxd8 43. Nd6+ 1-0

[Event "SR 3. liga A2 2012/2013"]
[Site "?"]
[Date "2012.10.07"]
[Round "1.2"]
[White "Skapikova, Lubica"]
[Black "Barca, Michal"]
[Result "1-0"]
[WhiteElo "1907"]
[BlackElo "1825"]
[PlyCount "121"]
[EventDate "2012.??.??"]

1. e4 d5 2. exd5 Qxd5 3. Nc3 Qd6 4. Nf3 Nf6 5. d3 g6 6. g3 c6 7. Bg2 Bg7 8. Bf4
Qd8 9. O-O O-O 10. Qd2 Re8 11. Rfe1 Nbd7 12. Re2 Nb6 13. Rae1 Bg4 14. h3 Bxf3
15. Bxf3 Qd7 16. Kh2 e6 17. Qc1 Nfd5 18. Nxd5 Nxd5 19. Bh6 Bh8 20. h4 Rac8 21.
h5 Qe7 22. Rh1 Qf6 23. Kg2 Qxb2 24. Qxb2 Bxb2 25. c4 Bd4 26. cxd5 cxd5 27. Be3
Bxe3 28. fxe3 Rc3 29. Rd2 Rec8 30. hxg6 hxg6 31. Rb1 b6 32. Kf2 Kg7 33. Rb4 Rc1
34. Rbb2 Rh8 35. Bg2 Rhc8 36. d4 Kf6 37. Bf1 Ke7 38. Bd3 Rh8 39. Kf3 Rh5 40.
Rh2 Rxh2 41. Rxh2 Rc3 42. Bc2 b5 43. Bb3 a5 44. Rc2 b4 45. Rxc3 bxc3 46. Bd1 e5
47. dxe5 Ke6 48. Bc2 Kxe5 49. g4 f5 50. g5 d4 51. e4 f4 52. Bd3 a4 53. Bc2 Kd6
54. Kxf4 Kc5 55. e5 Kb4 56. e6 Ka3 57. e7 Kb2 58. Bxa4 c2 59. Bxc2 Kxc2 60.
e8=Q d3 61. Qxg6 1-0

[Event "SR 3. liga A2 2012/2013"]
[Site "?"]
[Date "2012.10.07"]
[Round "1.2"]
[White "Janas, Peter"]
[Black "Fidericky, Milan"]
[Result "1/2-1/2"]
[WhiteElo "1756"]
[BlackElo "1835"]
[PlyCount "36"]
[EventDate "2012.??.??"]

1. d4 d5 2. Nf3 Nf6 3. g3 g6 4. Bg2 Bg7 5. O-O O-O 6. c3 Nbd7 7. Bg5 Ne4 8. Bc1
Ndf6 9. Nbd2 Nxd2 10. Nxd2 c6 11. e4 dxe4 12. Nxe4 Qb6 13. Nxf6+ exf6 14. Qb3
Be6 15. Qd1 Rad8 16. Qc2 Bf5 17. Qb3 Be6 18. Qc2 Bf5 1/2-1/2

[Event "SR 3. liga A2 2012/2013"]
[Site "?"]
[Date "2012.10.07"]
[Round "1.3"]
[White "Jablonicky, Frantisek"]
[Black "Bahna, Jan"]
[Result "1/2-1/2"]
[WhiteElo "2173"]
[BlackElo "1943"]
[PlyCount "72"]
[EventDate "2012.??.??"]

1. Nf3 Nf6 2. d4 d5 3. c4 e6 4. g3 Be7 5. Bg2 O-O 6. O-O Nbd7 7. Qc2 dxc4 8.
Nbd2 c5 9. Nxc4 Nd5 10. a3 cxd4 11. Nxd4 Bf6 12. Rd1 Qc7 13. Bxd5 exd5 14. Ne3
Qxc2 15. Ndxc2 Nb6 16. Nxd5 Nxd5 17. Rxd5 Be6 18. Rb5 b6 19. Ne3 Rfd8 20. f4
Bd4 21. Kf1 Bc5 22. f5 Bd7 23. Rb3 Bxe3 24. Bxe3 Bxf5 25. Rc1 Rac8 26. Rbc3
Rxc3 27. bxc3 f6 28. Bd4 Be6 29. Kf2 Bc4 30. e4 Kf7 31. Re1 g6 32. Kf3 Re8 33.
Kf4 g5+ 34. Kf3 Bd5 35. g4 h5 36. h3 h4 1/2-1/2

[Event "SR 3. liga A2 2012/2013"]
[Site "?"]
[Date "2012.10.07"]
[Round "1.3"]
[White "Krist, Milan"]
[Black "Kozinka, Roman"]
[Result "1-0"]
[WhiteElo "1985"]
[BlackElo "2036"]
[PlyCount "42"]
[EventDate "2012.??.??"]

1. c4 g6 2. Nc3 Bg7 3. Nf3 e5 4. e4 Ne7 5. d4 exd4 6. Nxd4 Nbc6 7. Be3 O-O 8.
Be2 d6 9. O-O Re8 10. Qd2 Nxd4 11. Bxd4 Bxd4 12. Qxd4 Nc6 13. Qd2 Be6 14. b3
Qf6 15. Rad1 Re7 16. f4 Ree8 17. f5 gxf5 18. exf5 Bd7 19. Nd5 Qd8 20. f6 Kh8
21. Qh6 Rg8 1-0

[Event "SR 3. liga A2 2012/2013"]
[Site "?"]
[Date "2012.10.07"]
[Round "1.3"]
[White "Lukac, Tomas"]
[Black "Mosny, Jaroslav"]
[Result "1-0"]
[WhiteElo "2011"]
[BlackElo "1923"]
[PlyCount "83"]
[EventDate "2012.??.??"]

1. e4 e5 2. Nf3 d6 3. d4 exd4 4. Nxd4 g6 5. Bc4 Bg7 6. O-O Nf6 7. Nc3 O-O 8.
Bg5 c6 9. a4 Nbd7 10. Nf3 Ne5 11. Nxe5 dxe5 12. Qxd8 Rxd8 13. Rad1 Be6 14. Bxe6
fxe6 15. Rxd8+ Rxd8 16. Bxf6 Bxf6 17. Rd1 Rd4 18. Kf1 Be7 19. Ke2 Bb4 20. Rxd4
exd4 21. Na2 Bd6 22. Nc1 Kf7 23. Nb3 c5 24. Na5 b6 25. Nc4 Bc7 26. e5 Ke7 27.
Kd3 Kd7 28. f4 a6 29. Nd2 Bd8 30. Ne4 Be7 31. g4 h6 32. b3 b5 33. axb5 axb5 34.
Nf6+ Bxf6 35. exf6 g5 36. fxg5 hxg5 37. b4 cxb4 38. Kxd4 Ke8 39. Ke4 Kf8 40. h4
gxh4 41. g5 e5 42. Kf3 1-0

[Event "SR 3. liga A2 2012/2013"]
[Site "?"]
[Date "2012.10.07"]
[Round "1.3"]
[White "Puskas, Miroslav"]
[Black "Kavon, Rastislav"]
[Result "0-1"]
[WhiteElo "1909"]
[BlackElo "1943"]
[PlyCount "114"]
[EventDate "2012.??.??"]

1. e4 c5 2. Nf3 Nc6 3. d4 cxd4 4. Nxd4 Nf6 5. Nxc6 bxc6 6. Nc3 d6 7. Bd3 e5 8.
O-O Be7 9. Kh1 Rb8 10. b3 O-O 11. f4 Qc7 12. fxe5 dxe5 13. Be3 Be6 14. Qe2 Rfd8
15. h3 Rd7 16. Rad1 Rbd8 17. Qf2 Qa5 18. Bd2 Bb4 19. Qe1 Nh5 20. Qh4 Bxc3 21.
Bxc3 Qxc3 22. Qxh5 a5 23. Qe2 a4 24. bxa4 Ra8 25. Qe1 Qxe1 26. Rfxe1 Rxa4 27.
Rb1 Kf8 28. Rb6 Rc7 29. Ra1 Rxa2 30. Rxa2 Bxa2 31. Ra6 Be6 32. Ra5 f6 33. Kg1
Ke7 34. Kf2 Kd6 35. Ke3 g6 36. Ra8 Rf7 37. g4 f5 38. gxf5 gxf5 39. exf5 Bxf5
40. Rh8 Bxh3 41. Rxh7 Rxh7 42. Bxh7 Bg2 43. Kf2 Bd5 44. Ke3 Kc5 45. Bg6 Kc4 46.
Kd2 Bf3 47. c3 Kb3 48. Bc2+ Kb2 49. Ba4 c5 50. Bb5 Bd5 51. Kd3 Kc1 52. c4 Bg2
53. Kc3 Be4 54. Bd7 Bf3 55. Be8 e4 56. Bg6 e3 57. Kb3 Kd2 0-1

[Event "SR 3. liga A2 2012/2013"]
[Site "?"]
[Date "2012.10.07"]
[Round "1.3"]
[White "Lopatievov, Alexander"]
[Black "Bukovsky, Milan"]
[Result "1-0"]
[WhiteElo "1937"]
[BlackElo "1956"]
[PlyCount "89"]
[EventDate "2012.??.??"]

1. c4 Nf6 2. Nc3 d5 3. cxd5 Nxd5 4. g3 g6 5. Bg2 Nxc3 6. bxc3 Bg7 7. Qb3 c6 8.
d4 O-O 9. Nf3 Qb6 10. Qc2 Nd7 11. O-O e5 12. e3 exd4 13. cxd4 Nf6 14. Ba3 Bf5
15. Qc1 Rfe8 16. Ne5 Rad8 17. Nc4 Qc7 18. Nd2 Qd7 19. Re1 Ne4 20. Nb3 b6 21.
Bb2 Rc8 22. f3 Nf6 23. e4 Bh3 24. Bh1 h5 25. Qe3 c5 26. dxc5 Nd5 27. Qd2 Bxb2
28. Qxb2 Nb4 29. Red1 Qb5 30. a4 Qa6 31. Rd6 Nd3 32. Qc3 Ne5 33. f4 Qc4 34. Rc1
Qxc3 35. Rxc3 Ng4 36. c6 Rc7 37. Rd7 Rec8 38. Rxc7 Rxc7 39. e5 Nh6 40. Nd4 a6
41. Rb3 b5 42. axb5 axb5 43. Nxb5 Rc8 44. c7 Bd7 45. Rd3 1-0

[Event "SR 3. liga A2 2012/2013"]
[Site "?"]
[Date "2012.10.07"]
[Round "1.3"]
[White "Klanica, Anton"]
[Black "Mackovic, Miroslav"]
[Result "0-1"]
[WhiteElo "1853"]
[BlackElo "1919"]
[PlyCount "48"]
[EventDate "2012.??.??"]

1. e4 c5 2. Nf3 d6 3. Bb5+ Nc6 4. O-O a6 5. Bxc6+ bxc6 6. c4 Qc7 7. Nc3 Nf6 8.
h3 g6 9. d3 Bg7 10. Rb1 Rb8 11. Bf4 Nd7 12. Bd2 O-O 13. Qc2 e5 14. Ne2 f5 15.
exf5 gxf5 16. Ng5 Nf6 17. f4 e4 18. h4 h6 19. Nh3 Ng4 20. b3 Qe7 21. g3 d5 22.
Nf2 Nxf2 23. Kxf2 Re8 24. Rfe1 e3+ 0-1

[Event "SR 3. liga A2 2012/2013"]
[Site "?"]
[Date "2012.10.07"]
[Round "1.3"]
[White "Zarecky, Eduard"]
[Black "Holicky, Miroslav"]
[Result "1-0"]
[WhiteElo "1933"]
[BlackElo "1750"]
[PlyCount "149"]
[EventDate "2012.??.??"]

1. d4 e6 2. c4 d5 3. e3 Nf6 4. a3 Be7 5. Nc3 O-O 6. c5 a5 7. Bd2 b6 8. b4 axb4
9. axb4 Rxa1 10. Qxa1 bxc5 11. bxc5 Nc6 12. Nf3 Ne4 13. Bd3 Nxd2 14. Nxd2 e5
15. Ne2 exd4 16. exd4 Bf6 17. O-O Re8 18. h3 Ne7 19. Nf3 Nc6 20. Nf4 g5 21. Nh5
Bh8 22. Bb5 Re6 23. Bxc6 Rxc6 24. Qa8 Ra6 25. Qb8 Re6 26. Nxg5 Rg6 27. h4 h6
28. Nf4 hxg5 29. Nxg6 fxg6 30. Ra1 Bxd4 31. Ra8 Qf8 32. Qxc8 Bxf2+ 33. Kf1
Bxc5+ 34. Qxf8+ Bxf8 35. hxg5 Kf7 36. Ke2 Bd6 37. Kd3 Ke6 38. Rg8 Kf5 39. Kd4
Kxg5 40. Kxd5 Bg3 41. Ke4 Bd6 42. Kf3 Kf5 43. Ra8 g5 44. Ra5+ Kg6 45. Kg4 Be7
46. Re5 Bf6 47. Rc5 Bd8 48. Rc6+ Kg7 49. Kf5 Kf7 50. g4 Ke7 51. Ke5 Kd7 52. Kd5
Be7 53. Rg6 Bd8 54. Rh6 Be7 55. Rc6 Bd6 56. Rc2 Bf4 57. Rc3 Bd6 58. Rh3 Bf4 59.
Rh7+ Kc8 60. Kc6 Kb8 61. Rh8+ Ka7 62. Rg8 Bc1 63. Kxc7 Ka6 64. Kd7 Kb7 65. Rc8
Bf4 66. Rc2 Kb8 67. Ke6 Kb7 68. Kf6 Be3 69. Rh2 Kc8 70. Rh5 Kd7 71. Rxg5 Bxg5+
72. Kxg5 Ke8 73. Kh6 Kf7 74. g5 Kg8 75. Kg6 1-0

[Event "SR 3. liga A2 2012/2013"]
[Site "?"]
[Date "2012.10.07"]
[Round "1.3"]
[White "Jancik, Ondrej"]
[Black "Bango, Lukas"]
[Result "1-0"]
[WhiteElo "1701"]
[BlackElo "1722"]
[PlyCount "80"]
[EventDate "2012.??.??"]

1. e4 d6 2. d4 Nf6 3. Nc3 g6 4. Be2 Bg7 5. Nf3 O-O 6. O-O c6 7. h3 Nbd7 8. Bf4
b5 9. e5 Ne8 10. exd6 exd6 11. Qd2 Nb6 12. Rad1 Nc7 13. Ne4 d5 14. Nc5 Ne6 15.
Nxe6 Bxe6 16. Qb4 a5 17. Qc5 Na4 18. Qa3 Re8 19. Ne5 Bf8 20. Qg3 Qb6 21. b3 Nb2
22. Rd2 a4 23. c4 a3 24. c5 Qb7 25. Nd3 Nxd3 26. Bxd3 Bg7 27. Bb1 Bd7 28. Bd6
Re6 29. f4 Rae8 30. f5 Re3 31. Qf2 Bxf5 32. Bxf5 gxf5 33. Qxf5 Re1 34. Rxe1
Rxe1+ 35. Kf2 Re6 36. Kg1 Qa8 37. Be5 Bxe5 38. dxe5 Qe8 39. Rd3 Rg6 40. b4 Qe6
1-0

[Event "SR 3. liga A2 2012/2013"]
[Site "?"]
[Date "2012.10.07"]
[Round "1.4"]
[White "Svoboda, Adam"]
[Black "Travnicek, Petr"]
[Result "0-1"]
[WhiteElo "1958"]
[BlackElo "2119"]
[PlyCount "106"]
[EventDate "2012.??.??"]

1. e4 c5 2. Nf3 Nc6 3. d4 cxd4 4. Nxd4 Nf6 5. Nc3 e5 6. Ndb5 d6 7. Bg5 a6 8.
Na3 b5 9. Nd5 Qa5+ 10. Bd2 Qd8 11. Bg5 Be7 12. Bxf6 Bxf6 13. c3 Rb8 14. Nc2 O-O
15. Be2 Bg5 16. O-O a5 17. Nce3 g6 18. g3 Bh3 19. Ng2 f5 20. exf5 gxf5 21. f4
Bh6 22. Rf2 Kh8 23. Qd3 b4 24. Rd1 bxc3 25. bxc3 Rb2 26. Nde3 Bg7 27. Nc4 Rxa2
28. Nxd6 Qb6 29. Qc4 Rxe2 30. Qxe2 Bg4 31. Qc4 Bxd1 32. Nf7+ Rxf7 33. Qxf7 Bb3
34. Qxf5 a4 35. Qc8+ Bg8 36. Qa8 e4 37. Qxa4 Bxc3 38. Qxe4 Bd4 39. Qc2 Nb4 40.
Qd2 Bc4 41. Ne1 Nd5 42. Nf3 Be3 43. Qc2 Ba6 44. Kg2 Bxf2 45. Qxf2 Ne3+ 46. Kg1
Bb7 47. Ne1 Qd4 48. f5 Qe4 49. Qf3 Nxf5 50. Qxe4 Bxe4 51. Kf2 Kg7 52. Nf3 Bxf3
53. Kxf3 Kf6 {biely èas} 0-1

[Event "SR 3. liga A2 2012/2013"]
[Site "?"]
[Date "2012.10.07"]
[Round "1.4"]
[White "Pribila, Michal"]
[Black "Puskar, Peter"]
[Result "0-1"]
[WhiteElo "2110"]
[BlackElo "2004"]
[PlyCount "138"]
[EventDate "2012.??.??"]

1. e4 c5 2. c3 Qa5 3. g3 Nc6 4. Na3 Nf6 5. Bg2 e6 6. Ne2 Be7 7. O-O O-O 8. Nc4
Qc7 9. d4 Nxe4 10. Bxe4 d5 11. Bf4 Qd8 12. Bd3 dxc4 13. Bxc4 cxd4 14. cxd4 Bf6
15. Be3 b6 16. Rc1 Ne7 17. Qd2 Bb7 18. Nf4 Ng6 19. Nh5 Rc8 20. Be2 Be7 21. Rxc8
Qxc8 22. Rc1 Qd7 23. Nf4 Nxf4 24. Bxf4 Qd5 25. f3 Bf6 26. Be3 Rd8 27. Rc7 g5
28. Kf2 a5 29. Qd1 Ba8 30. b3 Kg7 31. Bc4 Qd6 32. Ra7 Qb8 33. Ra6 Bd5 34. Be2
Qd6 35. Qd2 Bb7 36. Ra7 Qb8 37. Rxb7 Qxb7 38. Bxg5 Bxd4+ 39. Kg2 f6 40. Bh6+
Kh8 41. Qf4 Be5 42. Qe3 Qc6 43. Bf4 Bxf4 44. Qxf4 Qc3 45. Qe4 e5 46. Qf5 Rd6
47. Bc4 Qd2+ 48. Kf1 Qd4 49. h4 Qa1+ 50. Kg2 Qxa2+ 51. Kh3 Qd2 52. Qh5 Rd8 53.
Be6 Qd6 54. Qf5 Qe7 55. Bc4 Rd6 56. g4 Qd7 57. Qe4 Rd4 58. Qa8+ Qd8 59. Qb7 a4
60. Be6 axb3 61. Bf5 Qg8 62. Qxb6 Kg7 63. Be6 Qa8 64. Qxb3 e4 65. fxe4 Qxe4 66.
Bf5 Qh1+ 67. Kg3 Rd2 68. Qc3 Qh2+ 69. Kf3 Qh3+ 0-1